[Event "Petrov Memorial op"]
[Site "St Petersburg"]
[Date "2000.02.07"]
[Round "1"]
[White "Alekseev, Vadim"]
[Black "Driamin, Dmitrij"]
[Result "0-1"]
[WhiteElo "2440"]
[BlackElo "2230"]
[PlyCount "78"]
[EventDate "2000.02.05"]
[EventType "swiss"]
[EventRounds "9"]
[EventCountry "RUS"]
[SourceTitle "CBM 076"]
[Source "ChessBase"]
[SourceDate "2000.05.31"]
[SourceVersion "1"]
[SourceVersionDate "2000.05.31"]
[SourceQuality "1"]

1. b4 e5 2. a3 d5 3. Bb2 Nd7 4. Nf3 Bd6 5. e3 c6 6. c4 Ne7 7. Nc3 0-0 8. cxd5 cxd5 9. Qb3 e4 10. Nd4 Nf6 11. Rc1 Bd7 12. Be2 Rc8 13. 0-0 Bg4 14. f3 exf3 15. gxf3 Bh3 16. Rfe1 Nc6 17. Nxc6 Rxc6 18. Bf1 Qd7 19. Ne2 Bxf1 20. Rxf1 Qh3 21. Rf2 Ne4 22. Rxc6 Nxf2 23. Rxd6 Qxf3 24. h3 Ne4 25. Qxd5 Qf2+ 26. Kh1 Nxd6 27. Nf4 Nf5 28. Qxf5 Qe1+ 29. Kg2 Qxd2+ 30. Kf3 Qxb2 31. Nd5 Qxa3 32. Ne7+ Kh8 33. Qc5 Re8 34. Nf5 Qa6 35. Nd6 Qf1+ 36. Kg3 b6 37. Qd4 Re6 38. Nf5 Rg6+ 39. Kh4 Qf2+ 0-1

[Event "RUS-Cup"]
[Site "Bor"]
[Date "2000.??.??"]
[Round "1"]
[White "Driamin, Dmitrij"]
[Black "Korotylev, Alexey"]
[Result "1/2-1/2"]
[WhiteElo "2230"]
[BlackElo "2477"]
[PlyCount "23"]
[EventDate "2000.06.??"]
[EventType "swiss"]
[EventRounds "9"]
[EventCountry "RUS"]
[SourceTitle "EXT 2001"]
[Source "ChessBase"]
[SourceDate "2000.11.22"]
[SourceVersion "1"]
[SourceVersionDate "2000.11.22"]
[SourceQuality "1"]

1. e4 c5 2. c3 d5 3. exd5 Qxd5 4. d4 Nf6 5. Nf3 Bg4 6. Be2 e6 7. h3 Bh5 8. 0-0 Nc6 9. Be3 cxd4 10. Nxd4 Bxe2 11. Qxe2 Be7 12. Rd1 1/2-1/2

[Event "RUS-Cup"]
[Site "Moscow"]
[Date "2000.??.??"]
[Round "9"]
[White "Tenikashvili, Georgij"]
[Black "Driamin, Dmitrij"]
[Result "0-1"]
[WhiteElo "2355"]
[BlackElo "2230"]
[PlyCount "92"]
[EventDate "2000.??.??"]
[EventType "swiss"]
[EventRounds "9"]
[EventCountry "RUS"]
[SourceTitle "EXT 2001"]
[Source "ChessBase"]
[SourceDate "2000.11.22"]
[SourceVersion "1"]
[SourceVersionDate "2000.11.22"]
[SourceQuality "1"]

1. d4 e6 2. c4 f5 3. g3 Nf6 4. Bg2 Bb4+ 5. Nd2 0-0 6. Ngf3 d5 7. 0-0 c6 8. Qc2 Ne4 9. e3 Bd6 10. b3 Bd7 11. Bb2 Be8 12. Ne1 Nxd2 13. Qxd2 Nd7 14. Nd3 g5 15. f3 Bg6 16. Rae1 Nf6 17. Nf2 Bc7 18. e4 f4 19. e5 fxg3 20. hxg3 Nh5 21. Kh2 Qe7 22. Bc3 a5 23. Nh3 h6 24. f4 g4 25. Nf2 Bf5 26. Qd1 Qg7 27. Re3 Qg6 28. Rh1 Ng7 29. Bf1 h5 30. Kg2 Bd8 31. Bd3 Be7 32. Qe2 Rf7 33. Nd1 b6 34. cxd5 cxd5 35. Be1 Bb4 36. Bf2 Rc8 37. Bxf5 Qxf5 38. Qd3 Rc2 39. Qxf5 Nxf5 40. Rd3 h4 41. gxh4 g3 42. Rxg3+ Nxg3 43. Kxg3 Rxa2 44. Ne3 Bd2 45. h5 Rb2 46. h6 Rxb3 0-1

[Event "RUS-Cup"]
[Site "Bor"]
[Date "2000.??.??"]
[Round "8"]
[White "Tsyvarev, Andrei"]
[Black "Driamin, Dmitrij"]
[Result "1-0"]
[WhiteElo "2162"]
[BlackElo "2230"]
[PlyCount "89"]
[EventDate "2000.06.??"]
[EventType "swiss"]
[EventRounds "9"]
[EventCountry "RUS"]
[SourceTitle "EXT 2001"]
[Source "ChessBase"]
[SourceDate "2000.11.22"]
[SourceVersion "1"]
[SourceVersionDate "2000.11.22"]
[SourceQuality "1"]

1. e4 e6 2. d4 d5 3. Nc3 Nf6 4. e5 Nfd7 5. f4 c5 6. Nf3 Nc6 7. Ne2 Qb6 8. c3 cxd4 9. cxd4 f6 10. exf6 Nxf6 11. Nc3 Bd6 12. Be2 0-0 13. 0-0 Bd7 14. g3 Be8 15. Na4 Qc7 16. Ng5 Qe7 17. Be3 h6 18. Nh3 Bg6 19. Rc1 Ne4 20. Nc3 Bc7 21. Nxe4 Bxe4 22. a3 Bb6 23. Qd2 Qf6 24. Rfd1 Rad8 25. Nf2 Bf5 26. b4 Be4 27. b5 Ne7 28. a4 Rc8 29. Ng4 Qf5 30. Ne5 Rxc1 31. Rxc1 Ng6 32. g4 Qf6 33. Nd7 Qh4 34. Nxf8 Qh3 35. Bd1 Kxf8 36. Qf2 Kg8 37. Qg3 Nxf4 38. Rc8+ Kh7 39. Qxh3 Nxh3+ 40. Kf1 e5 41. a5 Bxd4 42. Bxd4 exd4 43. Rc7 b6 44. Rxa7 bxa5 45. b6 1-0

[Event "RUS-Cup"]
[Site "Bor"]
[Date "2000.??.??"]
[Round "2"]
[White "Yandemirov, Valeri"]
[Black "Driamin, Dmitrij"]
[Result "1-0"]
[WhiteElo "2472"]
[BlackElo "2230"]
[PlyCount "123"]
[EventDate "2000.06.??"]
[EventType "swiss"]
[EventRounds "9"]
[EventCountry "RUS"]
[SourceTitle "EXT 2001"]
[Source "ChessBase"]
[SourceDate "2000.11.22"]
[SourceVersion "1"]
[SourceVersionDate "2000.11.22"]
[SourceQuality "1"]

1. Nf3 d5 2. g3 Nf6 3. Bg2 c6 4. 0-0 Bg4 5. d4 Nbd7 6. Nbd2 e6 7. Re1 Be7 8. e4 dxe4 9. Nxe4 0-0 10. c3 h6 11. Qb3 Nxe4 12. Rxe4 Bf5 13. Re1 Qb6 14. Nd2 Qa6 15. Nc4 Bd3 16. Ne3 Nb6 17. Qd1 Rad8 18. Ng4 Nd7 19. Bf4 Bg6 20. Qb3 Qb6 21. Ne3 Bd3 22. Rad1 Qxb3 23. axb3 Ba6 24. Nf5 Bf6 25. Nd6 g5 26. Be3 Be7 27. Nc4 Nb6 28. Na5 Nd5 29. Ra1 Rc8 30. Bd2 Rfd8 31. b4 Rc7 32. Nb3 Bc4 33. Nc5 b6 34. b3 Bb5 35. Na6 Bxa6 36. Rxa6 c5 37. bxc5 bxc5 38. c4 Nb4 39. Bxb4 cxb4 40. d5 exd5 41. Bxd5 Kg7 42. Rea1 Bc5 43. R1a5 g4 44. Kg2 Re8 45. Rxc5 Rxc5 46. Rxa7 Rxd5 47. cxd5 Re5 48. d6 Rd5 49. d7 Kf6 50. Rb7 h5 51. h3 gxh3+ 52. Kxh3 Kg6 53. Kg2 f5 54. Rb6+ Kg7 55. Rb5 Rxd7 56. Rxf5 h4 57. Rf4 hxg3 58. fxg3 Rb7 59. Kf3 Kg6 60. Ke3 Kh5 61. Kd3 Rg7 62. g4+ 1-0

[Event "Chigorin Memorial 07th"]
[Site "St Petersburg"]
[Date "1999.11.10"]
[Round "9"]
[White "Gabdushev, Ruslan"]
[Black "Driamin, Dmitrij"]
[Result "1-0"]
[WhiteElo "2375"]
[BlackElo "2237"]
[PlyCount "35"]
[EventDate "1999.11.02"]
[EventType "swiss"]
[EventRounds "9"]
[EventCountry "RUS"]
[SourceTitle "CBM 074"]
[Source "ChessBase"]
[SourceDate "2000.02.01"]
[SourceVersion "1"]
[SourceVersionDate "2000.02.01"]
[SourceQuality "1"]

1. Nf3 Nf6 2. g3 g6 3. Bg2 Bg7 4. 0-0 0-0 5. d3 d5 6. Nbd2 c6 7. Qe1 Re8 8. e4 e5 9. a3 Nbd7 10. Rb1 dxe4 11. Nxe4 Nxe4 12. dxe4 Nf8 13. Be3 b6 14. Qe2 Qc7 15. Rfd1 Bg4 16. h3 Bxf3 17. Bxf3 Red8 18. c3 1-0

[Event "Chigorin Memorial 07th"]
[Site "St Petersburg"]
[Date "1999.11.08"]
[Round "7"]
[White "Tunik, Gennady"]
[Black "Driamin, Dmitrij"]
[Result "1/2-1/2"]
[WhiteElo "2447"]
[BlackElo "2237"]
[PlyCount "87"]
[EventDate "1999.11.02"]
[EventType "swiss"]
[EventRounds "9"]
[EventCountry "RUS"]
[SourceTitle "CBM 074"]
[Source "ChessBase"]
[SourceDate "2000.02.01"]
[SourceVersion "1"]
[SourceVersionDate "2000.02.01"]
[SourceQuality "1"]

1. d4 e6 2. c4 f5 3. g3 Nf6 4. Bg2 Bb4+ 5. Nd2 0-0 6. Ngf3 d5 7. 0-0 c6 8. Qc2 Ne4 9. Ne5 Nxd2 10. Bxd2 Bxd2 11. Qxd2 Nd7 12. Nxd7 Qxd7 13. cxd5 cxd5 14. Qf4 Rd8 15. Rac1 Qd6 16. Rc7 Qxf4 17. gxf4 Rb8 18. Rfc1 Bd7 19. R1c3 Bc6 20. Bf1 Rdc8 21. Re7 Re8 22. Rxe8+ Rxe8 23. e3 Kf8 24. f3 Ke7 25. Kf2 Rf8 26. Bd3 Rc8 27. Ke1 Bd7 28. Ra3 Ra8 29. Kd2 Bc6 30. b4 b6 31. Rc3 Kd6 32. e4 dxe4 33. fxe4 Bxe4 34. Bxe4 fxe4 35. Ke3 Rf8 36. Kxe4 Rf5 37. Rg3 g6 38. Rg5 a6 39. h3 Rd5 40. a4 Rf5 41. b5 axb5 42. axb5 Rf7 43. Rg3 Rf5 44. Rg5 1/2-1/2

[Event "Chigorin Memorial 07th"]
[Site "St Petersburg"]
[Date "1999.11.04"]
[Round "3"]
[White "Alavkin, Arseny Nailievich"]
[Black "Driamin, Dmitrij"]
[Result "1-0"]
[WhiteElo "2434"]
[BlackElo "2237"]
[PlyCount "73"]
[EventDate "1999.11.02"]
[EventType "swiss"]
[EventRounds "9"]
[EventCountry "RUS"]
[SourceTitle "CBM 074"]
[Source "ChessBase"]
[SourceDate "2000.02.01"]
[SourceVersion "1"]
[SourceVersionDate "2000.02.01"]
[SourceQuality "1"]

1. d4 e6 2. c4 f5 3. g3 Nf6 4. Bg2 Bb4+ 5. Bd2 Be7 6. Nc3 0-0 7. Nh3 d5 8. Qb3 c6 9. 0-0 Na6 10. Nf4 Kh8 11. Rad1 Nc7 12. Nd3 Nce8 13. Bf4 Nd6 14. Ne5 Nf7 15. Nxf7+ Rxf7 16. f3 b6 17. cxd5 Nxd5 18. Bc1 Ba6 19. Rfe1 Rc8 20. e4 fxe4 21. fxe4 Nc7 22. Bf4 c5 23. d5 exd5 24. exd5 c4 25. Qc2 Bc5+ 26. Kh1 Bb7 27. Ne4 Bb4 28. Ng5 Qg8 29. Nxf7+ Qxf7 30. Re5 Ne8 31. Rf1 Nf6 32. Bg5 c3 33. Qa4 Bd6 34. Re6 Bxg3 35. hxg3 c2 36. Qf4 Qh5+ 37. Kg1 1-0